000 00651nam a2200217 i 4500
001 145256
003 ES-MaACL
005 20230906201209.0
007 t|
008 070214s1910 fr r ||||1| fre d
100 1 _aSorel, Georges.
_9107335
245 1 3 _aLa décomposition du marxisme /
_cGeorges Sorel.
250 _a2ème éd.
260 _aParis :
_bMarcel Rivière et Cie.,
_c1910.
300 _a68 p. ;
_c19 cm.
490 1 _aBibliothèque du mouvement prolétarien ;
_v3
650 0 4 _aMarxismo.
_914803
830 0 _aBibliothèque du mouvement prolétarien ;
_v3
_9187394
852 _aES-MaACL
_jT-1240-F-1
999 _c145256
_d145256